00748nam a2200205Ia 4500003000900000008004100009020002200050040001600072080001500088245011400103260003500217300001500252650004300267650001000310700003600320700002900356942000700385999001700392952013300409IN-BaIIA211028s9999 xx 000 0 eng d a978-0-85745-211-5 cIIA Library a52-37bCIV 0aCivilizations beyond earthbextraterrestrial life and societycedited by Douglas A. Vakoch and A. A. Harrison aNew YorkbBerghahn Booksc2011 axii, 250p. aAstronomy-biological properties935136 aEarth aHarrison, Albert A., ed.935137 aVakoch, Douglas A935138 cBK c18337d18337 00104070aBANbBANcGENd2012-08-23eBBI g1946.00l0o52-37/ CIVp19259r2021-11-05v1946.00w2012-08-23yBKGRs. 1946.00